|
|
|
|
| LEADER |
01116nam a2200313 a 4500 |
| 001 |
GR-Patra7907 |
| 008 |
991022s xxk b 000 b eng d |
| 020 |
|
|
|a 0632038772
|
| 040 |
|
|
|a GrPaTEI
|b gre
|c GR-PaULI
|
| 245 |
0 |
0 |
|a Steel designers' manual.
|
| 250 |
|
|
|a 5th ed.
|
| 260 |
|
|
|a Oxford :
|b Blackwell,
|c c1994
|
| 300 |
|
|
|a xxx,1266σ.
|
| 504 |
|
|
|a Περιλαμβάνει βιβλιογραφικές παραπομπές The steel construction institute
|
| 650 |
|
0 |
|a DESIGN
|
| 650 |
|
0 |
|a STEEL STRUCTURE
|
| 650 |
|
4 |
|a ΔΟΚΟΙ
|
| 650 |
|
4 |
|a ΕΥΣΤΑΘΕΙΑ
|
| 650 |
|
4 |
|a ΚΤΙΡΙΑ
|
| 650 |
|
4 |
|a ΠΛΑΙΣΙΑ
|
| 650 |
|
4 |
|a ΣΙΔΗΡΕΣ ΚΑΤΑΣΚΕΥΕΣ
|
| 650 |
|
4 |
|a ΣΙΔΗΡΕΣ ΚΑΤΑΣΚΕΥΕΣ
|
| 650 |
|
4 |
|a ΣΧΕΔΙΑΣΜΟΣ
|
| 700 |
1 |
|
|a Knowles, Peter R.
|
| 700 |
1 |
|
|a Owens, Graham W.
|
| 942 |
|
|
|2 ddc
|
| 952 |
|
|
|0 0
|1 0
|2 ddc
|4 0
|6 624_182100000000000_STE
|7 0
|9 288973
|a LISK
|b LISK
|c BSC
|d 2021-01-17
|e 24
|f 0
|g 0.00
|l 0
|o 624.1821 STE
|p 92410011329
|r 2021-01-17 00:00:00
|t 1
|w 2021-01-17
|y BK15
|x 19991024 0 1
|x GrPaTEI
|
| 971 |
|
|
|a .b26554227
|b 15-04-20
|c 23-09-16
|
| 999 |
|
|
|c 168619
|d 168619
|